Ekonomika i programowanie rozwoju przemyslu

Enregistré dans:
Détails bibliographiques
Format: Livre
Langue:polonais
Publié: Warszawa Wyd. Ekon. 1982
Tags: Ajouter un tag
Pas de tags, Soyez le premier à ajouter un tag!

MARC

LEADER 00000nam a2200000 4500
001 c133721
005 20240227102708.9
041 0 |a pol 
044 |a PL 
245 1 0 |a Ekonomika i programowanie rozwoju przemyslu  |c Red. J. Gajda 
264 1 |a Warszawa  |b Wyd. Ekon.  |c 1982 
300 |a 349 s.